| 000 | 00789nam a2200193 a 4500 | ||
|---|---|---|---|
| 005 | 20240911063850.0 | ||
| 008 | 991125s1980 mx 000 0 spa u | ||
| 035 | _aUPN01000000770 | ||
| 049 | _aCG | ||
| 050 | 4 |
_aLB2331.4 _bA8.2 |
|
| 110 | 2 | _aAsociación Nacional de Universidades e Instituciones de Educación Superior (México) | |
| 245 | 1 | 3 |
_aLa adición al Artículo 3o. Constitucional y la autonomía universitaria : _binformación hemerográfica / _cAsociación Nacional de Universidades e Instituciones de Educación Superior. |
| 260 |
_aMéxico : _bANUIES, _c1980. |
||
| 300 |
_a293 p. : _bil. |
||
| 440 | 0 |
_aInformación hemerográfica ; _v1 |
|
| 610 | 1 | 4 |
_aMEXICO. _tCONSTITUCION - _vDISCURSOS, ENSAYOS, CONFERENCIAS, ETC. |
| 650 | 2 |
_aAutonomía universitaria _93802 |
|
| 905 | _aLibro | ||
| 999 |
_c770 _d770 |
||